Battle Cats all cow cat variants - Statistics

General Stats
  • This quiz has been taken 7 times
  • The average score is 7 of 25
Answer Stats
Answer % Correct
Cow Cat
100%
Crazed Cow Cat
100%
Brainwashed Cow Cat
50%
Brainwashed Giraffe Cat
50%
Brainwashed Lion Cat
50%
Crazed Giraffe Cat
50%
Giraffe Cat
50%
Li'l Cow Cat
50%
Li'l Giraffe Cat
50%
Li'l Lion Cat
50%
Lion Cat
50%
Manic Lion Cat
50%
Akuma Giraffe
0%
Akuma Lion
0%
Cat Giraffe Modoki
0%
Cow Princess
0%
Giraffe Princess
0%
Giraffe Unit-01
0%
Giraffe Unit-02
0%
Iron-Masked Lion Cat
0%
Kirin Neko Kirin
0%
Shakurel Lion
0%
Shakurel Lion CC
0%
Suruma Cat Giraffe Modoki
0%
Tomboy Lion Cat
0%
No matching quizzes found
Score Distribution
Percent of People with Each Score
Percentile by Number Answered
Your Score History
You have not taken this quiz